MARC

Tag First Indicator Second Indicator Subfields
LEADER 00000cam a2200000 i 4500
001 in00003501949
005 20151206125437.0
008 140729t20152015pau b 001 0 eng c
010 |a  2014028288 
020 |a 9780812246704 (hardcover : alk. paper) 
020 |a 0812246705 (hardcover : alk. paper) 
035 |a (OCoLC)ocn886381579 
040 |a PU/DLC  |e rda  |c DLC  |d UtOrBLW 
043 |a e-gx--- 
049 |a TXAM 
050 0 0 |a HQ472.G3  |b L46 2015 
082 0 0 |a 363.4/7094309034  |2 23 
100 1 |a Leonard, Sarah L.,  |e author. 
245 1 0 |a Fragile minds and vulnerable souls :  |b the matter of obscenity in nineteenth-century Germany /  |c Sarah L. Leonard. 
250 |a First edition. 
264 1 |a Philadelphia :  |b University of Pennsylvania Press,  |c [2015] 
264 4 |c ©2015 
300 |a 258 pages ;  |c 24 cm. 
336 |a text  |b txt  |2 rdacontent 
337 |a unmediated  |b n  |2 rdamedia 
338 |a volume  |b nc  |2 rdacarrier 
490 1 |a Material texts 
504 |a Includes bibliographical references and index. 
650 0 |a Pornography  |z Germany  |y 19th century  |x History and criticism. 
650 0 |a Pornography  |x Appreciation  |z Germany  |x History  |y 19th century. 
650 0 |a Erotic literature  |y 19th century  |x History and criticism. 
650 0 |a Erotic literature  |x Appreciation  |z Germany  |x History  |y 19th century. 
650 0 |a Underground literature  |z Germany  |y 19th century  |x History and criticism. 
650 0 |a Underground literature  |x Appreciation  |z Germany  |x History  |y 19th century. 
650 0 |a Books and reading  |z Germany  |x History  |y 19th century. 
650 0 |a Obscenity (Law)  |z Germany  |x History  |y 19th century. 
650 0 |a Literature and society  |z Germany  |x History  |y 19th century. 
650 0 |a Self  |z Germany  |x History  |y 19th century. 
650 0 |a Sex (Psychology)  |x History  |y 19th century. 
650 0 |a Censorship  |z Germany  |x History  |y 19th century. 
651 0 |a Germany  |x Cultural policy  |x History  |y 19th century. 
651 0 |a Germany  |x Moral conditions  |x History  |y 19th century. 
830 0 |a Material texts. 
945 |a PromptCat 
946 |a stk 
947 |a A14842934102 
948 |a cataloged  |b h  |c 2015/1/29  |d c  |e dmitchel  |f 1:00:00 pm 
994 |a C0  |b TXA 
999 |a MARS 
999 f f |s e0adf81a-51ce-3d88-a3f8-94354fc45455  |i 9fc3231e-d7d3-34ae-95c7-bf9c6aa4a248  |t 0 
952 f f |p normal  |a Texas A&M University  |b College Station  |c Sterling C. Evans Library  |d Evans: Library Stacks  |t 0  |e HQ472.G3 L46 2015  |h Library of Congress classification  |i unmediated -- volume  |m A14842934102 
998 f f |a HQ472.G3 L46 2015  |t 0  |l Evans: Library Stacks